书目信息 |
| 题名: |
机械原理
|
|
| 作者: | 郑文纬 , 黄锡恺 主编 | |
| 分册: | ||
| 出版信息: | 北京 人民教育出版社 1981 |
|
| 页数: | 509页 | |
| 开本: | 21cm | |
| 丛书名: | ||
| 单 册: | ||
| 中图分类: | TH111 | |
| 科图分类: | ||
| 主题词: | 机构学--高等学校--教材 | |
| 电子资源: | ||
| ISBN: | ||
| 000 | 00693nam0 2200265 45 | |
| 001 | 0181000248 | |
| 005 | 20060728103520.60 | |
| 010 | @dCNY1.60 | |
| 091 | @a15012.0306 | |
| 100 | @a19950613d1981 em y0chiy0121 ea | |
| 101 | 0 | @achi |
| 102 | @aCN@b110000 | |
| 105 | @ay z 000yy | |
| 200 | 10 | @a机械原理@Aji xie yuan li@f黄锡恺,郑文纬主编 |
| 205 | @a5版(修订本) | |
| 210 | @a北京@c人民教育出版社@d1981 | |
| 215 | @a509页@d21cm | |
| 300 | @a高等学校教材 | |
| 606 | @a机构学@x高等学校@x教材 | |
| 690 | @aTH111@v3 | |
| 701 | 0 | @a郑文纬@Azheng wen wei@4主编 |
| 701 | 0 | @a黄锡恺@Ahuang xi kai@4主编 |
| 801 | 2 | @aCN@bNLC@c20060728 |
| 801 | 0 | @aCN@bTSSF |
| 905 | @a10447@dTH111@e139 | |
| 机械原理/黄锡恺,郑文纬主编.-5版(修订本).-北京:人民教育出版社,1981 |
| 509页;21cm |
| 高等学校教材 |
| ISBN :CNY1.60 |
| ● |
| 相关链接 |
|
|
|
|
正题名:机械原理
索取号:TH111/139
 
预约/预借
| 序号 | 登录号 | 条形码 | 馆藏地/架位号 | 状态 | 备注 |
| 1 | 0438952 | 204389526 | 密集书库/ [索取号:TH111/139] | 在馆 | |
| 2 | 0438953 | 204389535 | 密集书库/ [索取号:TH111/139] | 在馆 |